00358 a2200133 4500003000500000005001700005040000900022082001200031100002500043245010400068260002200172300001100194650001900205NUST20230320163419.0 cNust a920,UMR aKhan, Muhammad Umrao aEik Gernail Ki Sarguzisht / ایک جرنیل کی سرگزشت /cMaj Gen (R) Muhammad Umrao Khan  aLahorebFerozsons a404:p. aUrdu Biography